000 01050 a2200217 4500
005 20080829151553.0
008 080829t xxu||||| |||| 00| 0 hin d
010 _aHIN-82726
020 _a8190231456
_c120.00
035 _aHN-55072
037 _bपु.प्र.अ.प्र/प्रका
082 _a158.1
100 _aज़र्रा
245 _aसफ़लता के लिए सही सोच /
_cज़र्रा
246 _aSafalta ke liye sahi soch
_bby Zarra
260 _aकानपुर
_bसमता प्रकाशन
_c2007
270 _a6, शास्त्रीनगर, रूपा
_bकानपुर
_e209303
_kमो. 9450139012
300 _a120पृ
_c22 सेमी (सजिल्द)
942 _adpl
_k158.1 / ज़र्रास
_cHN
_2ddc
_h158.1
_mज़र्रास
999 _c10935
_d10935